000 00486nam a2200157 a 4500
001 000046269
005 20201002052742.0
008 150714s1996 dr a 000 0 spa d
040 _aDO-SdBNP
_bspa
_cBNPHU
082 _axxxx
_bxxxx
100 1 _aBáez, Marcial,
_d1953-
_974287
245 1 3 _aLa intensión de mis deseos /
_cMarcial Báez.
260 _aSanto Domingo :
_bGente,
_c1996.
300 _a83 p. :
_bil. ;
_c21 cm.
500 _aIncluye datos biográficos del autor en las solapas.
999 _c45758
_d45758